LEADER 01077nam a2200253 a 4500 001 000000137185 003 CaOOAMICUS 005 20140129113930.0 008 140129s1951 fr u000 u fre r 040 $aPUL$bita 100 1 $aMaritain, Jacques,$d1882-1973.$0(OLS)http://pul/name/868 245 10$aNeuf leçons sur les notions premières de la philosophie morale /$cJacques Maritain. 260 $aParis :$bchez Pierre Tequi,$c[1951] 300 $a194 p. ;$c24 cm 490 1 $aCours et documents. Philosophie. Théologie 504 $aBibliografia in nota. 650 4$aFilosofia morale$zFrancia$ySec. XX.$0(OLS)http://pul/subject/37128 830 0$aCours et documents.$pPhilosophie. Théologie.$0(OLS)http://pul/title/173671 850 $aPUL 852 $aPUL$W1$xDP1 Fondo E. Rossi$y115$m5 A 37$j158189$qFondi$B157657$CPULBib$Z2$F157657 $82 941 1 $a1 996 $6245$aNeuf leçons sur les notions premières de la philosophie morale$9(OLS)http://pul/title/173670 996 $6260$aParis :$bchez Pierre Tequi$9(OLS)http://pul/publisher/71072 LEADER 02272nam a2200445 a 4500 001 000000127447 003 CaOOAMICUS 005 20130902122748.0 008 120202m20119999it u000 u ita r 020 $a978-88-598-0663-9 (v. 1) 020 $a978-88-598-0664-6 (v. 2) 020 $a978-88-598-0665-3 (v. 3) 040 $aPUL$bita 082 04$a346.45 245 00$aDei fatti illeciti /$ca cura di Ugo Carnevali. 260 $aTorino :$bUTET Giuridica,$c©2011- 300 $av. ;$c24 cm. 490 1 $aCommentario del codice civile / diretto da Enrico Gabrielli 504 $aBibliografia in nota. 505 1 $aV. 1. Art. 2043-art. 96 c.p.c. / Mario Barcellona ... [et al.]. -- v. 2. Artt. 2044-2059 / Marco Bona. -- v. 3. Leggi collegate / Arianna Agnese ... [et al.]. 650 4$aDiritto privato$zItalia.$0(OLS)http://pul/subject/1235 700 1 $aGabrielli, Enrico$b1956-$0(OLS)http://pul/name/44662 700 1 $aCarnevali, Ugo.$0(OLS)http://pul/name/28636 700 1 $aBona, Marco.$0(OLS)http://pul/name/68705 700 1 $aBarcellona, Mario,$d1944-$0(OLS)http://pul/name/30228 700 1 $aAgnese, Arianna.$0(OLS)http://pul/name/87141 830 0$aCommentario del codice civile (UTET).$0(OLS)http://pul/title/152396 850 $aPUL 852 $aPUL$W1$xSL Diritto e Scienze Sociali 3$y79$m346. 45 GABEN 1.10.2$j147459$av. 2$qDDC 21$B146090$CPULBib$Z2$F146090 $H118928 $82 852 $aPUL$W1$xSL Diritto e Scienze Sociali 3$y79$m346. 45 GABEN 1.10.3$j155834$av. 3$qDDC 21$B155269$CPULBib$Z2$F155269 $H122784 $82 852 $aPUL$W1$xSL Diritto e Scienze Sociali 3$y79$m346. 45 GABEN 1.10.1$j159996$av. 1$qDDC 21$B146089$CPULBib$Z2$F146089 $H118927 $82 941 1 $a9 996 $6020$a978-88-598-0665-3 (v. 3)$9(OLS)http://pul/number/153437 996 $6020$a978-88-598-0664-6 (v. 2)$9(OLS)http://pul/number/148786 996 $6020$a978-88-598-0663-9 (v. 1)$9(OLS)http://pul/number/148785 996 $6082$a346.45$9(OLS)http://pul/classification/372 996 $6245$aDei fatti illeciti$9(OLS)http://pul/title/161029 996 $6260$aTorino :$bUTET Giuridica$9(OLS)http://pul/publisher/79191 LEADER 01064nam a2200265 u 4500 001 000000108368 003 CaOOAMICUS 005 20071122112324.0 008 071122s2007 it u000 u ita u 020 $z978-88-420-8121-0* 040 $aPUL$bita$dLDB 100 1 $aPetrucciani, Stefano,$d1953-$0(OLS)http://pul/name/40954 245 10$aIntroduzione a Adorno /$cdi Stefano Petrucciani. 260 $aRoma :$bLaterza,$cc2007. 300 $a175 p. ;$c18 cm. 490 1 $aI filosofi ;$v93 504 $aBibliografia: p. 163-175. 600 14$aAdorno, Theodor Wiesengrund,$d1903-1969.$0(OLS)http://pul/subject/4969 830 2$aI filosofi (Laterza) ;$v93.$0(OLS)http://pul/title/7858 850 $aPUL 852 $aPUL$W1$xSL Filosofia 3$y81$m195 PETST 1$j123465$qDDC 21$q $B122405$CPULBib$Z2$F122405 $H105579 $81 941 1 $a9 996 $6020$z978-88-420-8121-0*$9(OLS)http://pul/number/136324 996 $6245$aIntroduzione a Adorno$9(OLS)http://pul/title/136371 996 $6260$aRoma :$bLaterza$9(OLS)http://pul/publisher/47864